|
|
|
|
| LEADER |
00000cam a22000004a 4500 |
| 001 |
musev2_5075 |
| 003 |
MdBmJHUP |
| 005 |
20230905040617.0 |
| 006 |
m o d |
| 007 |
cr||||||||nn|n |
| 008 |
050629s2006 nyu o 00 0 eng d |
| 010 |
|
|
|z 2005018667
|
| 020 |
|
|
|a 9780791481653
|
| 020 |
|
|
|z 0791481654
|
| 020 |
|
|
|z 9780791467596
|
| 020 |
|
|
|z 0791467597
|
| 035 |
|
|
|a (OCoLC)70869482
|
| 040 |
|
|
|a MdBmJHUP
|c MdBmJHUP
|
| 050 |
0 |
4 |
|a BS1199.A66
|b B35 2006
|
| 082 |
0 |
|
|a 296.1/2083058927
|2 22
|
| 100 |
1 |
|
|a Bakhos, Carol.
|
| 245 |
1 |
0 |
|a Ishmael on the Border :
|b Rabbinic Portrayals of the First Arab /
|c Carol Bakhos.
|
| 264 |
|
1 |
|a Albany :
|b State University of New York Press,
|c 2006.
|
| 264 |
|
3 |
|a Baltimore, Md. :
|b Project MUSE,
|c 2012
|
| 264 |
|
4 |
|c ©2006.
|
| 300 |
|
|
|a 1 online resource (216 pages).
|
| 336 |
|
|
|a text
|b txt
|2 rdacontent
|
| 337 |
|
|
|a computer
|b c
|2 rdamedia
|
| 338 |
|
|
|a online resource
|b cr
|2 rdacarrier
|
| 504 |
|
|
|a Includes bibliographical references (p. 183-199) and index.
|
| 505 |
0 |
|
|a Ishmael and Esau : marginalized men of the Bible -- Ishmael in the Bible -- Esau in the Bible -- Ishmael in Tannaitic and Amoraic literature -- The Tannaitic sources -- The Amoraic sources -- The rabbis and their others -- The pairing of Ishmael and Esau in rabbinic literature -- Esau as real other -- Ishmael, the Ishmaelites, and the children of Keturah -- The Arab descendants of Ishmael-- Abraham's descendants and Israel's divine election -- The role of Christianity in the depiction of other -- Ishmael in later Midrashim -- The treatment of Ishmael in Pirke Rabbi Eliezer -- Abraham's visits in Pirke de Rabbi Eliezer -- Abraham's visits in Arabic sources -- Revisiting the visits -- The Ishmaelites in Pirke de Rabbi Eliezer.
|
| 588 |
|
|
|a Description based on print version record.
|
| 650 |
|
0 |
|a Arabs in the Bible.
|
| 630 |
0 |
0 |
|a Bible.
|p O.T.
|p Genesis
|x Criticism, interpretation, etc.
|
| 600 |
0 |
0 |
|a Esau
|c (Biblical figure)
|x In rabbinical literature.
|
| 600 |
0 |
0 |
|a Ishmael
|c (Biblical figure)
|x In rabbinical literature.
|
| 600 |
0 |
0 |
|a Esau
|c (Biblical figure)
|
| 600 |
0 |
0 |
|a Ishmael
|c (Biblical figure)
|
| 655 |
|
7 |
|a Electronic books.
|2 local
|
| 710 |
2 |
|
|a Project Muse.
|e distributor
|
| 830 |
|
0 |
|a Book collections on Project MUSE.
|
| 856 |
4 |
0 |
|z Texto completo
|u https://projectmuse.uam.elogim.com/book/5075/
|
| 945 |
|
|
|a Project MUSE - Custom Collection
|
| 945 |
|
|
|a Project MUSE - Archive Complete Foundation
|
| 945 |
|
|
|a Project MUSE - Archive Philosophy and Religion Foundation
|
| 945 |
|
|
|a Project MUSE - Archive Jewish Studies Foundation
|